<?xml version="1.0" encoding="UTF-8"?><?xml-stylesheet type="text/xsl" href="static/style.xsl"?><OAI-PMH xmlns="http://www.openarchives.org/OAI/2.0/" xmlns:xsi="http://www.w3.org/2001/XMLSchema-instance" xsi:schemaLocation="http://www.openarchives.org/OAI/2.0/ http://www.openarchives.org/OAI/2.0/OAI-PMH.xsd"><responseDate>2026-06-01T23:27:19Z</responseDate><request verb="GetRecord" identifier="oai:riuma.uma.es:10630/19361" metadataPrefix="marc">https://riuma.uma.es/rest/oai/request</request><GetRecord><record><header><identifier>oai:riuma.uma.es:10630/19361</identifier><datestamp>2026-02-03T12:20:58Z</datestamp><setSpec>com_10630_2254</setSpec><setSpec>col_10630_37959</setSpec></header><metadata><record xmlns="http://www.loc.gov/MARC21/slim" xmlns:dcterms="http://purl.org/dc/terms/" xmlns:doc="http://www.lyncode.com/xoai" xmlns:xsi="http://www.w3.org/2001/XMLSchema-instance" xsi:schemaLocation="http://www.loc.gov/MARC21/slim http://www.loc.gov/standards/marcxml/schema/MARC21slim.xsd">
   <leader>00925njm 22002777a 4500</leader>
   <datafield ind2=" " ind1=" " tag="042">
      <subfield code="a">dc</subfield>
   </datafield>
   <datafield ind2=" " ind1=" " tag="720">
      <subfield code="a">Sánchez-Cruzado, Cristina</subfield>
      <subfield code="e">author</subfield>
   </datafield>
   <datafield ind2=" " ind1=" " tag="720">
      <subfield code="a">Sánchez-Compaña, María Teresa</subfield>
      <subfield code="e">author</subfield>
   </datafield>
   <datafield ind2=" " ind1=" " tag="260">
      <subfield code="c">2020</subfield>
   </datafield>
   <datafield ind2=" " ind1=" " tag="520">
      <subfield code="a">La experiencia que aquí presentamos se llevó a cabo en la Facultad de Ciencias de la Educación de la Universidad de Málaga, en la que participaron 74 alumnas y alumnos que cursaban la asignatura de Didáctica de la Medida de cuarto curso del Grado en Educación Primaria. La actividad se enmarca dentro de un proyecto del MINECO, un Proyecto de Innovación Educativa y una Red de Excelencia en la docencia, cuya finalidad principal es empoderar a nuestro alumnado de Educación Primaria en la necesidad de garantizar un correcto tratamiento de la perspectiva de género en su futura práctica profesional docente. &#xd;
Concretamente se han llevado a cabo 13 proyectos que tenían como hilo conductor común la visualización de la mujer a través de la matemática. Para nuestro equipo de investigación, una educación matemática de calidad no se puede limitar a trabajar en las aulas únicamente el carácter instrumental que, en opinión de muchas personas, identifica a esta disciplina. La matemática es una disciplina que posee un triple carácter, instrumental, formativo y funcional, y es justamente esta visión completa la que se pretende transmitir a nuestro alumnado. Fundamentalmente el carácter formativo, que es el gran olvidado en las aulas, y sin embargo el más importante. La finalidad principal de la educación matemática, debe ser fomentar el desarrollo de la autonomía de la ciudadanía, una autonomía tanto intelectual cómo moral, y por supuesto social.</subfield>
   </datafield>
   <datafield ind1="8" ind2=" " tag="024">
      <subfield code="a">Sánchez-Compaña, M.T.; Sánchez-Cruzado, C. (2019). Título del capítulo, En Arufe, V.; Abilleira, M.; Nieto, E. (Coordinadores), Actas del 3º Congreso Mundial de Educación EDUCA 2020 (pp xx – xx). Obtenido de http://www.mundoeduca.org</subfield>
   </datafield>
   <datafield ind1="8" ind2=" " tag="024">
      <subfield code="a">https://hdl.handle.net/10630/19361</subfield>
   </datafield>
   <datafield tag="653" ind2=" " ind1=" ">
      <subfield code="a">Matemáticas-Estudio y enseñanza</subfield>
   </datafield>
   <datafield ind2="0" ind1="0" tag="245">
      <subfield code="a">La didáctica de la matemática como punto de partida para el empoderamiento del futuro profesorado de educación primaria respecto a la perspectiva de género</subfield>
   </datafield>
</record>
</metadata></record></GetRecord></OAI-PMH>